Účtovanie kapitálového fondu z príspevkov
Kapitálový fond z príspevkov podľa Obchodného zákonníka. Kapitálový fond z príspevkov podľa účtovných predpisov.
Uložené v:
| Hlavný autor: | |
|---|---|
| Médium: | Kapitola |
| Jazyk: | Slovak |
| Predmet: | |
| Tagy: |
Žiadne tagy, Buďte prvý, kto otaguje tento záznam!
|
MARC
| LEADER | 00000naa a2200000 4500 | ||
|---|---|---|---|
| 001 | 0274671 | ||
| 005 | 20210603150136.9 | ||
| 041 | 0 | |a slo | |
| 044 | |a SK | ||
| 245 | 1 | 0 | |a Účtovanie kapitálového fondu z príspevkov |c Monika Adamíková |
| 520 | |a Kapitálový fond z príspevkov podľa Obchodného zákonníka. Kapitálový fond z príspevkov podľa účtovných predpisov. | ||
| 610 | 2 | 0 | |a účtovníctvo podvojné |
| 610 | 2 | 0 | |a zákonník obchodný |
| 610 | 2 | 0 | |a účtovníctvo |
| 100 | 1 | |a Adamíková, Monika | |